000 00459nmm a2200169Ia 4500
008 251105s9999||||xx |||||||||||||||||und||
020 _a9789560006394
041 _aspa
100 _aFabre, Dominique
245 0 _aFotos robadas
264 _a[Santiago de Chile, Chile] :
_bLOM Ediciones,
_c2015
300 _a236 páginas
490 _aNarrativa
650 _aFrench narrative
856 _uhttps://public.digitaliapublishing.com/a/50965
942 _cCF
999 _c93534
_d93534